[Event "Ñóïåðôèíàë 65-ãî ×åìïèîíàòà Òþìåíñêîé îáëàñòè"]
[Site "ã.Òþìåíü"]
[Date "2010.12.18"]
[Round "1"]
[White "Áðîäñêèé Ìèõàèë"]
[Black "Êîïûëîâ Àëåêñàíäð À."]
[Result "1-0"]
[WhiteElo "2549"]
[BlackElo "2459"]
[Annotator ""]
[Source ""]
[Remark ""]

1.d4 Nf6 2.c4 e6 3.Nc3 Bb4 4.e3 Bxc3+ 5.bxc3 d6 6.Bd3 O-O 7.e4
e5 8.Ne2 Re8 9.f3 b6 10.O-O Ba6 11.Bg5 h6 12.Bh4 Nbd7 13.Bf2
Nf8 14.Ng3 Ng6 15.Re1 Qd7 16.Nf5 Rad8 17.Ne3 c6 18.Qa4 Qc8 19.Rad1
h5 20.h4 Ne7 21.Bf1 Nh7 22.Rd2 Nf8 23.Red1 Ne6 24.Nf5 exd4 25.Nxd4
Nc5 26.Qa3 f5 27.exf5 Nxf5 28.Nxf5 Qxf5 29.Bxc5 Qxc5+ 30.Qxc5
bxc5 31.Rxd6 Rxd6 32.Rxd6 Re1 33.Kf2 Ra1 34.Rd8+ Kf7 35.Rd7+
Kf6 36.Rxa7 Rxa2+ 37.Ke3 Bxc4 38.Rxa2 Bxa2 39.Kf4 Bb1 40.Ba6
Bf5 41.Bc4 Bd7 42.Bd3 Be6 43.Be4 Bd5 44.Bf5 g6 45.Bc2 Bf7 46.g4
Be8 47.Bb3 Bd7 48.g5+ Ke7 49.Ke5 Bf5 50.f4 Bd3 51.Be6 1-0

[Event "Ñóïåðôèíàë 65-ãî ×åìïèîíàòà Òþìåíñêîé îáëàñòè"]
[Site "ã.Òþìåíü"]
[Date "2010.12.18"]
[Round "1"]
[White "Ãàéñèí Åâãåíèé"]
[Black "Êîâàë¸â Àíäðåé"]
[Result "0-1"]
[WhiteElo "2476"]
[BlackElo "2542"]
[Annotator ""]
[Source ""]
[Remark ""]

1.e4 c5 2.Nf3 e6 3.d4 cxd4 4.Nxd4 a6 5.Bd3 Bc5 6.Nb3 Ba7 7.Nc3
Nc6 8.Qe2 d6 9.Be3 b5 10.O-O-O Nge7 11.f4 b4 12.Nb1 a5 13.Bb5
O-O 14.Ba4 Ba6 15.Qd2 Bxe3 16.Qxe3 Qc7 17.N1d2 Rfc8 18.Kb1 Na7
19.Nd4 e5 20.fxe5 dxe5 21.Nf5 Nxf5 22.exf5 Bb5 23.Qb3 Qc6 24.Bxb5
Nxb5 25.Nf3 a4 26.Qxb4 Qxc2+ 27.Ka1 a3 28.Rb1 Qxg2 29.Qxb5 Qxf3
30.Qxe5 axb2+ 31.Qxb2 Qxf5 32.Rhc1 Rxc1 33.Rxc1 h5 34.Qb7 Qe5+
35.Qb2 Qd5 36.Kb1 h4 37.Qb3 Qe5 38.Qb2 Qf5+ 39.Ka1 Qf4 40.Rb1
Kh7 41.a3 g6 42.Ka2 Qc4+ 43.Ka1 Qc5 44.Ka2 Qd5+ 45.Ka1 Qf3 46.Ka2
Re8 47.Qb4 Re2+ 48.Rb2 Qd5+ 49.Kb1 Re4 50.Qc3 Rc4 51.Qf6 Rd4
52.Rb4 Qh1+ 53.Kb2 Rd2+ 54.Kb3 Qd1+ 55.Kc4 Qc2+ 56.Kb5 Rd5+ 57.Kb6
Qc5+ 58.Kb7 Rd7+ 0-1

[Event "Ñóïåðôèíàë 65-ãî ×åìïèîíàòà Òþìåíñêîé îáëàñòè"]
[Site "ã.Òþìåíü"]
[Date "2010.12.18"]
[Round "1"]
[White "Þæàêîâ Îëåã"]
[Black "Ôàòõóòäèíîâ Ãàôèÿò"]
[Result "1-0"]
[WhiteElo "2362"]
[BlackElo "2298"]
[Annotator ""]
[Source ""]
[Remark ""]

1.e4 c6 2.d4 g6 3.Nc3 Bg7 4.Bc4 d5 5.exd5 b5 6.Bb3 b4 7.dxc6
bxc3 8.Qf3 Nf6 9.c7 Qxc7 10.Qxa8 O-O 11.Qf3 Bb7 12.Qg3 e5 13.Ne2
Ne4 14.Qd3 exd4 15.O-O Nd7 16.bxc3 Ndc5 17.Qh3 dxc3 18.Bf4 Qc6
19.Rad1 Bc8 20.Bd5 Qa4 21.Qe3 Ba6 22.Rfe1 Rc8 23.f3 Nf6 24.Nxc3
Qxc2 25.Bxf7+ Kh8 26.Rd2 Qf5 27.Red1 Rf8 28.Bd6 Rxf7 29.Bxc5
h5 30.h3 Kh7 31.Rd6 Bh6 32.Qd4 Bb7 33.Qc4 Rc7 34.Qb4 Bxf3 35.Rf1
Qxc5+ 36.Qxc5 Rxc5 37.Rxf3 Bg7 38.Ra6 Rc7 39.Nb5 Rc1+ 40.Rf1
Rc5 41.Nd4 Ne4 42.Ne6 Ng3 43.Rxa7 Kh6 44.Rxg7 Re5 45.Rff7 Rxe6
46.h4 Re1+ 47.Kf2 1-0

[Event "Ñóïåðôèíàë 65-ãî ×åìïèîíàòà Òþìåíñêîé îáëàñòè"]
[Site "ã.Òþìåíü"]
[Date "2010.12.18"]
[Round "1"]
[White "Ìóñàêàåâ Ýìèëü"]
[Black "Êîöóð Ïàâåë"]
[Result "0-1"]
[WhiteElo "2318"]
[BlackElo "2565"]
[Annotator ""]
[Source ""]
[Remark ""]

1.e4 c5 2.Nf3 d6 3.d4 cxd4 4.Nxd4 Nf6 5.Nc3 a6 6.Bc4 e6 7.Bb3
b5 8.Bg5 h6 9.Bxf6 Qxf6 10.O-O Be7 11.f4 Bd8 12.e5 dxe5 13.Ne4
Qe7 14.fxe5 Bc7 15.Nd6+ Bxd6 16.exd6 Qa7 17.Kh1 O-O 18.Qg4 Re8
19.Rf3 Qc5 20.Raf1 Ra7 21.d7 Rxd7 22.Nxe6 fxe6 23.Bxe6+ Kh8 24.Bxd7
Nxd7 25.Qg6 Rg8 26.Rh3 Qe7 27.Qg3 Nf6 28.Rh4 Ne4 29.Qf4 Bb7 30.Rh3
Re8 31.Rd3 Nf6 32.Rd2 Nd5 33.Qg3 Ne3 34.Rg1 Nc4 35.Rf2 Nxb2 36.Qg6
Rg8 37.Rf7 Qe4 38.Qxe4 Bxe4 39.Ra7 Rc8 40.Rxa6 Rxc2 41.h3 Na4
42.a3 Ra2 43.Re6 Nc3 0-1

[Event "Ñóïåðôèíàë 65-ãî ×åìïèîíàòà Òþìåíñêîé îáëàñòè"]
[Site "ã.Òþìåíü"]
[Date "2010.12.18"]
[Round "1"]
[White "Èñìàãàìáåòîâ Àíóàð"]
[Black "Þôôà Äàíèèë"]
[Result "1-0"]
[WhiteElo "2510"]
[BlackElo "2275"]
[Annotator ""]
[Source ""]
[Remark ""]

1.e4 c5 2.Nf3 Nc6 3.d4 cxd4 4.Nxd4 Nf6 5.Nc3 d6 6.Bg5 a6 7.Qd2
Nxd4 8.Qxd4 Qa5 9.Bd2 e5 10.Qd3 Be6 11.O-O-O Rc8 12.a3 Qc7 13.Bg5
Nd7 14.Kb1 h6 15.Bh4 Nc5 16.Qd2 Be7 17.Bxe7 Kxe7 18.g3 Rhd8 19.f4
Qc6 20.f5 Nxe4 21.Nxe4 Bxf5 22.Nc3 Bxc2+ 23.Qxc2 Qxh1 24.Bg2
Rxc3 25.Bxh1 Rxc2 26.Kxc2 Rd7 27.g4 g6 28.Rd3 f5 29.Rh3 Kf6 30.gxf5
gxf5 31.Kd3 Kg5 32.Bd5 h5 33.Rg3+ Kf4 34.Rf3+ Kg4 35.Ke3 f4+
36.Ke4 Rc7 37.Rf2 Rc1 38.Rg2+ Kh4 39.Bxb7 Re1+ 40.Kf5 a5 41.Bd5
Rd1 42.Bf3 Rd3 43.Rf2 Re3 44.Be4 Re1 45.b4 axb4 46.axb4 d5 47.Bxd5
Rb1 48.Bg2 Rg1 49.b5 1-0

[Event "Ñóïåðôèíàë 65-ãî ×åìïèîíàòà Òþìåíñêîé îáëàñòè"]
[Site "ã.Òþìåíü"]
[Date "2010.12.19"]
[Round "2"]
[White "Êîöóð Ïàâåë"]
[Black "Èñìàãàìáåòîâ Àíóàð"]
[Result "1/2-1/2"]
[WhiteElo "2565"]
[BlackElo "2510"]
[Annotator ""]
[Source ""]
[Remark ""]

1.d4 d5 2.Nf3 Nf6 3.c4 e6 4.Bg5 Bb4+ 5.Nc3 dxc4 6.e4 c5 7.Bxc4
cxd4 8.Nxd4 Qa5 9.Bb5+ Nbd7 10.Bd2 Qb6 11.Nde2 O-O 12.Bxd7 Bxd7
13.O-O Bxc3 14.Bxc3 Bb5 15.Bxf6 gxf6 16.Re1 Rfd8 17.Qc1 Bxe2
18.Rxe2 Qd4 19.h3 Rac8 20.Rc2 Rxc2 21.Qxc2 Kg7 22.Qe2 Qd2 23.Re1
Kf8 24.g3 Qa5 1/2-1/2

[Event "Ñóïåðôèíàë 65-ãî ×åìïèîíàòà Òþìåíñêîé îáëàñòè"]
[Site "ã.Òþìåíü"]
[Date "2010.12.19"]
[Round "2"]
[White "Ôàòõóòäèíîâ Ãàôèÿò"]
[Black "Ìóñàêàåâ Ýìèëü"]
[Result "1-0"]
[WhiteElo "2298"]
[BlackElo "2318"]
[Annotator ""]
[Source ""]
[Remark ""]

1.e4 e5 2.Nf3 Nc6 3.Bc4 Nf6 4.d3 Bc5 5.Nc3 a6 6.O-O d6 7.h3 Na5
8.Bb3 Nxb3 9.axb3 h6 10.d4 exd4 11.Nxd4 O-O 12.Re1 Re8 13.Bf4
Be6 14.Qd3 Nh5 15.Be3 Bd7 16.Rad1 Qf6 17.Nd5 Qg6 18.Nf5 Kh7 19.Bxc5
dxc5 20.Nxc7 Rxe4 21.Qxd7 Nf6 22.Qd3 1-0

[Event "Ñóïåðôèíàë 65-ãî ×åìïèîíàòà Òþìåíñêîé îáëàñòè"]
[Site "ã.Òþìåíü"]
[Date "2010.12.19"]
[Round "2"]
[White "Êîâàë¸â Àíäðåé"]
[Black "Þæàêîâ Îëåã"]
[Result "1/2-1/2"]
[WhiteElo "2542"]
[BlackElo "2362"]
[Annotator ""]
[Source ""]
[Remark ""]

1.e4 e6 2.d4 d5 3.Nc3 Nf6 4.Bg5 Be7 5.e5 Nfd7 6.h4 O-O 7.Bd3
c5 8.Qh5 g6 9.Qh6 cxd4 10.Nf3 Nxe5 11.Nxe5 dxc3 12.Nxg6 fxg6
13.Bxg6 hxg6 14.Qxg6+ Kh8 15.Qh6+ Kg8 16.Qg6+ Kh8 17.Qh6+ 1/2-1/2

[Event "Ñóïåðôèíàë 65-ãî ×åìïèîíàòà Òþìåíñêîé îáëàñòè"]
[Site "ã.Òþìåíü"]
[Date "2010.12.19"]
[Round "2"]
[White "Êîïûëîâ Àëåêñàíäð À."]
[Black "Ãàéñèí Åâãåíèé"]
[Result "0-1"]
[WhiteElo "2459"]
[BlackElo "2476"]
[Annotator ""]
[Source ""]
[Remark ""]

1.d4 Nf6 2.c4 g6 3.Nf3 Bg7 4.b4 O-O 5.Bb2 c6 6.e3 d5 7.Nbd2 Ne4
8.Nxe4 dxe4 9.Nd2 f5 10.Qb3 a5 11.a3 axb4 12.axb4 Rxa1+ 13.Bxa1
Be6 14.Be2 Bf7 15.f3 exf3 16.Nxf3 Nd7 17.Ng5 e5 18.Nxf7 Rxf7
19.O-O exd4 20.exd4 Qg5 21.c5 Kf8 22.Bf3 Re7 23.b5 cxb5 24.Kh1
Qd2 25.Bxb7 Re1 26.Qxb5 Qc1 0-1

[Event "Ñóïåðôèíàë 65-ãî ×åìïèîíàòà Òþìåíñêîé îáëàñòè"]
[Site "ã.Òþìåíü"]
[Date "2010.12.19"]
[Round "2"]
[White "Ñåðãååâ Âåíèàìèí"]
[Black "Áðîäñêèé Ìèõàèë"]
[Result "0-1"]
[WhiteElo "2411"]
[BlackElo "2549"]
[Annotator ""]
[Source ""]
[Remark ""]

1.d4 Nf6 2.c4 e6 3.Nf3 b6 4.g3 Bb7 5.Bg2 Be7 6.O-O O-O 7.Nc3
Ne4 8.Nxe4 Bxe4 9.Ne1 Bxg2 10.Nxg2 d5 11.cxd5 Qxd5 12.Nf4 Qb7
13.Qb3 Rd8 14.Be3 Nc6 15.Rfd1 Bf6 16.d5 Na5 17.Qc2 exd5 18.Nh5
Be7 19.Qf5 Qc8 20.Qe5 Bf8 21.Bf4 Nc4 22.Qg5 c6 23.b3 Nd6 24.Rac1
Ne4 25.Qh4 Qe6 26.Be3 Be7 27.Nf4 Bxh4 28.Nxe6 fxe6 29.gxh4 c5
30.f3 Nf6 31.Bf4 d4 32.a4 Rd5 33.Kg2 Rad8 34.Rd3 h6 35.Bd2 e5
36.Be1 e4 37.fxe4 Nxe4 38.Rcd1 Kf7 39.Kf3 Nf6 40.e3 dxe3 41.Kxe3
Ng4+ 42.Ke4 Rxd3 43.Rxd3 Re8+ 44.Kf4 Ne5 45.Rd1 Re7 46.Bg3 Nc6
47.h5 Nd4 48.Rd3 Re2 49.b4 Ke6 50.bxc5 bxc5 51.Rd1 Kd5 52.Rb1
Re4# 0-1

[Event "Ñóïåðôèíàë 65-ãî ×åìïèîíàòà Òþìåíñêîé îáëàñòè"]
[Site "ã.Òþìåíü"]
[Date "2010.12.19"]
[Round "3"]
[White "Ãàéñèí Åâãåíèé"]
[Black "Ñåðãååâ Âåíèàìèí"]
[Result "1-0"]
[WhiteElo "2476"]
[BlackElo "2411"]
[Annotator ""]
[Source ""]
[Remark ""]

1.e4 c5 2.Nf3 Nc6 3.d4 cxd4 4.Nxd4 Nf6 5.Nc3 d6 6.Bg5 Qb6 7.Nb3
e6 8.Bxf6 gxf6 9.Qd2 a6 10.O-O-O Bd7 11.f4 O-O-O 12.Be2 Rg8 13.Bh5
Rg7 14.Rhf1 Be8 15.g4 Rg8 16.f5 Rg5 17.Kb1 Bh6 18.Qe2 a5 19.fxe6
fxe6 20.Bxe8 Rxe8 21.h4 Rgg8 22.Rxd6 Bf8 23.Rdd1 Ne5 24.Rxf6
Rxg4 25.Nd5 Qd8 26.Rxf8 Rxf8 27.Ne3 Qxh4 28.Qb5 Nc6 29.Nc5 Rg7
30.Nxb7 1-0

[Event "Ñóïåðôèíàë 65-ãî ×åìïèîíàòà Òþìåíñêîé îáëàñòè"]
[Site "ã.Òþìåíü"]
[Date "2010.12.19"]
[Round "3"]
[White "Þæàêîâ Îëåã"]
[Black "Êîïûëîâ Àëåêñàíäð À."]
[Result "1-0"]
[WhiteElo "2362"]
[BlackElo "2459"]
[Annotator ""]
[Source ""]
[Remark ""]

1.e4 c5 2.Nf3 e6 3.c3 d5 4.exd5 Qxd5 5.d4 Nf6 6.Be2 cxd4 7.Qxd4
Nc6 8.Qxd5 Nxd5 9.O-O e5 10.Rd1 Nc7 11.Nbd2 f6 12.Nc4 Be6 13.Be3
Nd5 14.Rd2 O-O-O 15.a4 Be7 16.Rad1 g5 17.h3 h5 18.Bxa7 Nxa7 19.Rxd5
Bxd5 20.Nb6+ Kb8 21.Nxd5 Nc8 22.c4 Rde8 23.Bd3 Bd8 24.Nd2 b6
25.b4 Ref8 26.c5 bxc5 27.bxc5 f5 28.Rb1+ Ka7 29.Nc4 e4 30.Ne5
exd3 31.Nc6+ Ka6 32.Rb5 Ba5 33.Nxa5 Rh6 34.Nc7+ 1-0

[Event "Ñóïåðôèíàë 65-ãî ×åìïèîíàòà Òþìåíñêîé îáëàñòè"]
[Site "ã.Òþìåíü"]
[Date "2010.12.19"]
[Round "3"]
[White "Ìóñàêàåâ Ýìèëü"]
[Black "Êîâàë¸â Àíäðåé"]
[Result "0-1"]
[WhiteElo "2318"]
[BlackElo "2542"]
[Annotator ""]
[Source ""]
[Remark ""]

1.e4 c5 2.Nf3 e6 3.d4 cxd4 4.Nxd4 a6 5.Bd3 Ne7 6.O-O Nbc6 7.Nb3
d6 8.a4 b6 9.Na3 g6 10.Be3 Bg7 11.Nc4 Rb8 12.Bf4 e5 13.Bg5 O-O
14.Be2 f6 15.Bh4 d5 16.exd5 Nxd5 17.Bf3 Be6 18.a5 g5 19.Bg3 bxa5
20.Nc5 Bf7 21.Bg4 Qe7 22.Nd7 Rb4 23.Nxa5 Nxa5 24.Nxf8 Nc4 25.Nd7
Nxb2 26.Qe2 Na4 27.Bf5 Bg6 28.Bxg6 hxg6 29.c4 Ndc3 30.Qd3 e4
31.Qd2 Rb2 32.Qd6 Ne2+ 33.Kh1 Nxg3+ 34.Qxg3 Qxd7 35.Qa3 e3 36.fxe3
Qd2 37.Rg1 Nc3 38.Qxa6 Qxe3 39.Qc8+ Kh7 40.Rge1 Ne2 41.Qg4 f5
42.Qf3 Qxf3 43.gxf3 Rc2 44.Ra7 Kh6 45.c5 Nd4 46.Re3 Be5 47.f4
gxf4 48.Rxe5 Nf3 0-1

[Event "Ñóïåðôèíàë 65-ãî ×åìïèîíàòà Òþìåíñêîé îáëàñòè"]
[Site "ã.Òþìåíü"]
[Date "2010.12.19"]
[Round "3"]
[White "Èñìàãàìáåòîâ Àíóàð"]
[Black "Ôàòõóòäèíîâ Ãàôèÿò"]
[Result "1-0"]
[WhiteElo "2510"]
[BlackElo "2298"]
[Annotator ""]
[Source ""]
[Remark ""]

1.e4 c6 2.d4 d5 3.Nd2 dxe4 4.Nxe4 Bf5 5.Ng3 Bg6 6.h4 h6 7.Nf3
Nd7 8.h5 Bh7 9.Bd3 Bxd3 10.Qxd3 Qc7 11.Bd2 Ngf6 12.O-O-O e6 13.Ne4
O-O-O 14.g3 Nxe4 15.Qxe4 Nf6 16.Qe2 Bd6 17.c4 c5 18.Bc3 a6 19.Ne5
cxd4 20.Bxd4 Bxe5 21.Bxe5 Qa5 22.a3 Rxd1+ 23.Rxd1 Rd8 24.Rxd8+
Qxd8 25.Qe3 Nxh5 26.Qa7 Qd3 27.Qb8+ Kd7 28.Qxb7+ Ke8 29.Qc6+
Ke7 30.Qc5+ Ke8 31.Bd6 Qf1+ 32.Kd2 f5 33.Qa7 1-0

[Event "Ñóïåðôèíàë 65-ãî ×åìïèîíàòà Òþìåíñêîé îáëàñòè"]
[Site "ã.Òþìåíü"]
[Date "2010.12.19"]
[Round "3"]
[White "Þôôà Äàíèèë"]
[Black "Êîöóð Ïàâåë"]
[Result "0-1"]
[WhiteElo "2275"]
[BlackElo "2565"]
[Annotator ""]
[Source ""]
[Remark ""]

1.c4 c6 2.e4 e5 3.Nf3 Nf6 4.Nc3 Qa5 5.g3 Bb4 6.Qc2 d6 7.h3 Be6
8.b3 d5 9.cxd5 cxd5 10.exd5 Nxd5 11.Nxd5 Qxd5 12.Bg2 e4 13.Nh4
f5 14.O-O Nc6 15.Bb2 Nd4 16.Qd1 O-O 17.d3 Rad8 18.Qh5 Bf7 19.dxe4
Qb5 20.Qg5 h6 21.Qe3 Bd2 22.Qxd4 Rxd4 23.Bxd4 fxe4 24.Rad1 Bg5
25.Bxe4 Bxh4 26.gxh4 Re8 27.Bh1 Bh5 28.Rd2 Qb4 29.Be3 Rxe3 30.Bd5+
Kh7 0-1

[Event "Ñóïåðôèíàë 65-ãî ×åìïèîíàòà Òþìåíñêîé îáëàñòè"]
[Site "ã.Òþìåíü"]
[Date "2010.12.20"]
[Round "4"]
[White "Ôàòõóòäèíîâ Ãàôèÿò"]
[Black "Þôôà Äàíèèë"]
[Result "1/2-1/2"]
[WhiteElo "2298"]
[BlackElo "2275"]
[Annotator ""]
[Source ""]
[Remark ""]

1.b3 d6 2.Bb2 Nf6 3.d4 g6 4.Nd2 Bg7 5.e4 O-O 6.Bd3 Nbd7 7.Ne2
e5 8.c3 d5 9.O-O exd4 10.cxd4 dxe4 11.Nxe4 Re8 12.Qc2 Nxe4 13.Bxe4
Nf6 14.Bf3 Bf5 15.Qc4 c6 16.Rfd1 Be6 17.d5 Bxd5 18.Bxd5 cxd5
19.Qd3 Qe7 20.Nf4 Qe4 21.g3 Rac8 22.Qb5 Rc2 23.Nd3 Rec8 24.Qxb7
Qf3 25.Qxa7 Ne4 26.Bxg7 Kxg7 27.Qd4+ Kg8 28.Ne1 Qxf2+ 29.Qxf2
Rxf2 30.Rxd5 Rb2 31.Nd3 Rbc2 32.b4 Rb8 33.a4 f5 34.b5 Ng5 35.Rf1
Ra2 36.Rd4 Re8 37.Nf4 Re3 38.Rf2 Nf3+ 39.Kg2 Ne1+ 40.Kf1 Ra1
41.Rd8+ Kg7 42.Rfd2 Nd3+ 43.Kg2 Nxf4+ 44.gxf4 Rxa4 45.R8d7+ Kh6
46.Rb2 Ree4 47.b6 Rab4 48.Rxb4 Rxb4 49.b7 Rb3 50.Kf2 Kh5 51.h3
h6 52.Rf7 Kh4 53.Rg7 Kh5 54.Rf7 Rb6 55.Kg3 Rb4 56.Rh7 Rb3+ 57.Kg2
g5 58.fxg5 Kxg5 59.Kf2 Kf4 60.Rf7 Rb2+ 61.Kf1 Ke4 62.Rc7 Kf3
63.Rc3+ Kf4 64.Rc4+ Kg3 65.Rc3+ Kh4 66.Rf3 Kg5 67.Rg3+ Kf6 68.Rg8
Rxb7 69.Kf2 Rb3 70.Kg2 Ra3 71.h4 Kf7 72.Rb8 Re3 73.Rb6 Re6 74.Rb8
Kg6 75.Rb5 Ra6 76.Kg3 Ra3+ 77.Kg2 Rc3 78.Ra5 Re3 79.Rb5 Re4 80.Kg3
Rg4+ 81.Kh3 Rc4 82.Kg3 Rc3+ 83.Kg2 Ra3 84.Rc5 Kf6 85.Rb5 Re3
86.Ra5 Re4 87.Kg3 Rg4+ 88.Kh3 Rg1 89.Kh2 Rg8 90.Kh3 f4 91.Rb5
Rg3+ 92.Kh2 Re3 93.Kg2 Re5 94.Rb6+ Re6 95.Rb5 Re5 96.Rb6+ Kf5
97.Rxh6 Ke4 98.Ra6 Rb5 99.Ra4+ Kf5 100.Ra3 Kg4 101.Kf2 Rb2+ 102.Kf1
Kxh4 103.Rc3 Kg4 104.Ra3 Rh2 105.Kg1 Re2 106.Kf1 Re5 107.Rb3
f3 108.Rb8 Kf4 109.Kf2 Re2+ 110.Kf1 Ra2 111.Rf8+ Ke3 112.Re8+
Kf4 113.Rf8+ Kg3 114.Rg8+ 1/2-1/2

[Event "Ñóïåðôèíàë 65-ãî ×åìïèîíàòà Òþìåíñêîé îáëàñòè"]
[Site "ã.Òþìåíü"]
[Date "2010.12.20"]
[Round "4"]
[White "Êîâàë¸â Àíäðåé"]
[Black "Èñìàãàìáåòîâ Àíóàð"]
[Result "1/2-1/2"]
[WhiteElo "2542"]
[BlackElo "2510"]
[Annotator ""]
[Source ""]
[Remark ""]

1.e4 c5 2.Nf3 e6 3.d4 cxd4 4.Nxd4 Nc6 5.Nc3 Qc7 6.Be2 a6 7.O-O
Nf6 8.Kh1 Be7 9.f4 d6 10.Be3 O-O 11.a4 Re8 12.Bd3 Bd7 13.Qf3
Rac8 14.Qg3 Nh5 15.Qf3 Nf6 16.Qg3 Bd8 17.Nxc6 Bxc6 18.a5 d5 19.e5
Ne4 20.Qh3 g6 21.Bxe4 dxe4 22.Rfd1 Qe7 23.Rd6 f5 24.Bb6 Bc7 25.Rad1
Bxd6 26.exd6 Qf7 27.Bd4 Bd7 28.Qe3 Rc6 29.Be5 Rec8 30.Na4 Rxc2
31.Nb6 Rd8 32.Bc3 Bc6 33.Qd4 Rxc3 34.bxc3 g5 35.Qe5 gxf4 36.Qxf4
Qf6 37.Nc4 h6 38.Kg1 Ba4 39.Rd4 Qg5 40.g3 Kg7 41.Ne5 Bc6 42.Kf2
Kf6 43.Ke3 Rg8 44.Rd2 Bb5 45.c4 Bc6 46.Rd1 Qh5 47.Rd2 Qg5 48.Rd4
Rd8 49.h4 Qxf4+ 50.gxf4 Rg8 51.Rd1 Rg3+ 52.Kd4 Ba4 53.Rb1 Bc6
54.Kc5 e3 55.Re1 Bg2 56.Kd4 Rh3 57.Rg1 Rg3 58.Re1 Rh3 59.h5 Rxh5
60.Kxe3 Rh3+ 61.Kd4 h5 62.Kc5 Rg3 63.Kb6 h4 64.d7 Rg8 65.Kc7
h3 66.Re2 Ke7 67.Ng6+ Kf7 68.Ne5+ Ke7 69.Rd2 Ra8 70.Ng6+ Kf7
71.Ne5+ Ke7 72.d8Q+ Rxd8 73.Rxd8 h2 74.Rd7+ Kf8 75.Rh7 h1Q 76.Rxh1
Bxh1 77.Kd7 Be4 78.Kxe6 Ke8 79.Nf7 Bd3 80.Ne5 Be4 81.Kd6 Kd8
82.c5 Kc8 83.Ng6 Bb1 84.Ne7+ Kd8 85.Nd5 Kc8 86.Nb4 Be4 87.c6
bxc6 88.Nxa6 Kb7 89.Nc5+ Ka7 90.Ke5 Bc2 91.Kd4 Bb1 92.Kc3 Ba2
93.Kb4 Bd5 94.Ka3 Bc4 95.Kb2 Bd5 96.Kc3 Ba2 97.Kc2 Bd5 98.Kd3
Ba2 99.Kd4 Bb1 100.Ke5 Bc2 101.Ke6 Be4 102.Kd7 Bd5 103.Kd6 Be4
104.Ke5 Bc2 1/2-1/2

[Event "Ñóïåðôèíàë 65-ãî ×åìïèîíàòà Òþìåíñêîé îáëàñòè"]
[Site "ã.Òþìåíü"]
[Date "2010.12.20"]
[Round "4"]
[White "Êîïûëîâ Àëåêñàíäð À."]
[Black "Ìóñàêàåâ Ýìèëü"]
[Result "1-0"]
[WhiteElo "2459"]
[BlackElo "2318"]
[Annotator ""]
[Source ""]
[Remark ""]

1.d4 d5 2.Nf3 Nf6 3.g3 c6 4.Bg2 Bf5 5.O-O e6 6.b3 Nbd7 7.c4 Be7
8.Bb2 O-O 9.Nfd2 Qc7 10.Nc3 Rad8 11.Rc1 Qb8 12.e4 dxe4 13.Ndxe4
Nc5 14.Qe2 Ncxe4 15.Nxe4 Nxe4 16.Bxe4 Bxe4 17.Qxe4 Bf6 18.Rfd1
Rd7 19.Rd3 Qd6 20.Rcd1 Rfd8 21.Bc1 g6 22.Qf3 Qe7 23.Qe4 Bg5 24.Bb2
Bf6 25.Kg2 Bg7 26.Bc1 Bf6 27.h4 Kg7 28.Bf4 h5 29.R1d2 a6 30.Kf1
Qa3 31.Ke2 Qa5 32.Be5 Qb4 33.Bxf6+ Kxf6 34.Qe5+ Ke7 35.Rf3 Rf8
36.Qf6+ Ke8 37.Re3 Qe7 38.Qf3 Kd8 39.d5 cxd5 40.cxd5 Kc8 41.Qf4
Qd6 42.Rc2+ Kb8 43.Qxd6+ Rxd6 44.dxe6 fxe6 45.Rec3 e5 46.Rc5
Rf5 47.Rc8+ Ka7 48.Re8 Rdf6 49.Ke1 Rf7 50.Re2 Rc7 51.R8xe5 Rc1+
52.Kd2 Ra1 53.Rxf5 Rxa2+ 54.Ke3 Rxe2+ 55.Kxe2 gxf5 56.f3 f4 57.g4 1-0

[Event "Ñóïåðôèíàë 65-ãî ×åìïèîíàòà Òþìåíñêîé îáëàñòè"]
[Site "ã.Òþìåíü"]
[Date "2010.12.20"]
[Round "4"]
[White "Ñåðãååâ Âåíèàìèí"]
[Black "Þæàêîâ Îëåã"]
[Result "1/2-1/2"]
[WhiteElo "2411"]
[BlackElo "2362"]
[Annotator ""]
[Source ""]
[Remark ""]

1.d4 d5 2.c4 c6 3.Nf3 Nf6 4.Nc3 e6 5.e3 Nbd7 6.Qc2 Bd6 7.Bd3
O-O 8.O-O dxc4 9.Bxc4 e5 10.a4 exd4 11.exd4 Nb6 12.Bb3 Bc7 13.h3
Nbd5 14.Bg5 Nb4 15.Qd2 Qd6 16.Rfe1 Bf5 17.Bxf6 Qxf6 18.Ne4 Bxe4
19.Rxe4 Nd5 20.Bxd5 cxd5 21.Re2 Rae8 22.Rae1 Rxe2 23.Qxe2 Qc6
24.Qb5 1/2-1/2

[Event "Ñóïåðôèíàë 65-ãî ×åìïèîíàòà Òþìåíñêîé îáëàñòè"]
[Site "ã.Òþìåíü"]
[Date "2010.12.20"]
[Round "4"]
[White "Áðîäñêèé Ìèõàèë"]
[Black "Ãàéñèí Åâãåíèé"]
[Result "1/2-1/2"]
[WhiteElo "2549"]
[BlackElo "2476"]
[Annotator ""]
[Source ""]
[Remark ""]

1.d4 Nf6 2.c4 g6 3.Nc3 d5 4.Bg5 Ne4 5.Bh4 Nxc3 6.bxc3 dxc4 7.e3
Be6 8.Nf3 Nd7 9.Be2 Nb6 10.O-O Bg7 11.a4 a5 12.Qc2 O-O 13.Rfb1
Bd5 14.Nd2 f5 15.Bf3 Bf6 16.Bxd5+ Qxd5 17.Bg3 Qc6 18.Rb5 Nd5
19.Rc1 e6 20.Qa2 g5 21.h3 f4 22.exf4 gxf4 23.Bh2 b6 24.Qxc4 1/2-1/2

[Event "Ñóïåðôèíàë 65-ãî ×åìïèîíàòà Òþìåíñêîé îáëàñòè"]
[Site "ã.Òþìåíü"]
[Date "2010.12.21"]
[Round "5"]
[White "Þæàêîâ Îëåã"]
[Black "Áðîäñêèé Ìèõàèë"]
[Result "0-1"]
[WhiteElo "2362"]
[BlackElo "2549"]
[Annotator ""]
[Source ""]
[Remark ""]

1.e4 c5 2.c3 Nf6 3.e5 Nd5 4.d4 cxd4 5.Nf3 Nc6 6.cxd4 d6 7.Bc4
dxe5 8.dxe5 Ndb4 9.a3 Qxd1+ 10.Kxd1 Na6 11.h3 Nc7 12.b4 Be6 13.Bxe6
Nxe6 14.Re1 g6 15.g3 O-O-O+ 16.Kc2 Ncd4+ 17.Nxd4 Nxd4+ 18.Kb2
Bg7 19.f4 f6 20.Re4 fxe5 21.fxe5 Nf3 22.Kb3 Bxe5 23.Ra2 Nd4+
24.Kc3 Nc6+ 25.Kc4 Bxg3 26.Rg2 Bc7 27.Bb2 Rhf8 28.Nc3 Ne5+ 29.Kb3
Rf3 30.Ka2 a6 31.Nb5 Nc6 32.Nxc7 Kxc7 33.Rc2 Rxh3 34.Rxe7+ Rd7
35.Re6 Rhd3 36.Bc1 Rf7 37.Re4 Kd7 38.Bb2 Rd5 39.Rec4 h5 40.Rh4
Rh7 41.Rch2 Ne7 42.Rc4 g5 43.Bf6 Nc6 44.Re4 Rf7 45.Bc3 g4 46.Be1
Re7 47.Rxe7+ Nxe7 48.a4 Nc6 49.Kb3 Nd4+ 50.Kc4 Nf3 51.Kxd5 Nxh2
52.Ke4 Nf3 53.Bc3 h4 54.Kf4 h3 55.Kg3 b5 56.axb5 axb5 57.Bf6
Ke6 58.Bd8 Kf5 59.Bc7 Nd2 60.Bb8 Nf1+ 61.Kf2 h2 62.Kg2 g3 63.Bc7
Kg4 64.Bb8 Nd2 65.Kh1 Ne4 66.Bxg3 Nxg3+ 0-1

[Event "Ñóïåðôèíàë 65-ãî ×åìïèîíàòà Òþìåíñêîé îáëàñòè"]
[Site "ã.Òþìåíü"]
[Date "2010.12.21"]
[Round "5"]
[White "Ìóñàêàåâ Ýìèëü"]
[Black "Ñåðãååâ Âåíèàìèí"]
[Result "1-0"]
[WhiteElo "2318"]
[BlackElo "2411"]
[Annotator ""]
[Source ""]
[Remark ""]

1.e4 c5 2.Nf3 Nc6 3.d4 cxd4 4.Nxd4 Nf6 5.Nc3 d6 6.g3 Bg4 7.f3
Bd7 8.Be3 a6 9.g4 e6 10.Qd2 b5 11.g5 Nh5 12.O-O-O Be7 13.Nxc6
Bxc6 14.Ne2 Qc7 15.Bh3 O-O-O 16.Bg4 g6 17.Nd4 Bb7 18.h4 Kb8 19.Nb3
Rc8 20.Rh2 d5 21.Bxh5 gxh5 22.e5 Qc4 23.Bg1 Rhd8 24.Qd4 Qxd4
25.Bxd4 b4 26.f4 Bc6 27.Bc5 Bxc5 28.Nxc5 Bb5 29.Nb3 Ka7 30.Nd4
Bd7 31.Kd2 Kb6 32.Ra1 Rc4 33.Ke3 Kc5 34.Rd2 a5 35.b3 Rc3+ 36.Rd3
Rxd3+ 37.cxd3 Kb6 38.Rc1 Ra8 39.Rb1 Kc5 40.Ne2 a4 41.d4+ Kb5
42.Ng3 axb3 43.axb3 Ra2 44.Nxh5 Kb6 45.Nf6 Bb5 46.h5 Rh2 47.f5
Rh3+ 48.Kf4 Bd3 49.fxe6 fxe6 50.Rg1 Bc2 51.Rg3 Rxg3 52.Kxg3 Bxb3
53.g6 hxg6 54.hxg6 Bc2 55.g7 b3 56.g8Q Kb5 57.Qxe6 b2 58.Qxd5+
Kb4 59.Qc5+ Kb3 60.Nd5 1-0

[Event "Ñóïåðôèíàë 65-ãî ×åìïèîíàòà Òþìåíñêîé îáëàñòè"]
[Site "ã.Òþìåíü"]
[Date "2010.12.21"]
[Round "5"]
[White "Èñìàãàìáåòîâ Àíóàð"]
[Black "Êîïûëîâ Àëåêñàíäð À."]
[Result "1-0"]
[WhiteElo "2510"]
[BlackElo "2459"]
[Annotator ""]
[Source ""]
[Remark ""]

1.d4 Nf6 2.Nf3 e6 3.c4 b6 4.g3 Ba6 5.Qc2 c5 6.Bg2 Bb7 7.O-O cxd4
8.Nxd4 Bxg2 9.Kxg2 Be7 10.Rd1 a6 11.e4 Qc7 12.Nf3 d6 13.b3 O-O
14.Ba3 Nbd7 15.Nc3 Rfc8 16.Rac1 Nc5 17.Qe2 Qb7 18.Rd4 Ne8 19.Kg1
Bf6 20.e5 dxe5 21.Nxe5 b5 22.cxb5 axb5 23.Nxb5 Ra5 24.Rxc5 Rxc5
25.Bxc5 Qxb5 26.Rc4 Bxe5 27.Qxe5 Rxa2 28.Rb4 Qc6 29.Rb6 Qa8 30.Bd4
Rd2 31.f3 Qc8 32.Bc3 Rd8 33.Kg2 Nf6 34.b4 h6 35.b5 Qc4 36.Rb8
Rxb8 37.Qxb8+ Kh7 38.Qe5 Qb3 39.Bd4 Qa2+ 40.Kg1 Qb1+ 41.Kf2 Qd3
42.g4 Qd2+ 43.Kg3 h5 44.g5 h4+ 45.Kxh4 Ne8 46.b6 f6 47.g6+ 1-0

[Event "Ñóïåðôèíàë 65-ãî ×åìïèîíàòà Òþìåíñêîé îáëàñòè"]
[Site "ã.Òþìåíü"]
[Date "2010.12.21"]
[Round "5"]
[White "Þôôà Äàíèèë"]
[Black "Êîâàë¸â Àíäðåé"]
[Result "1-0"]
[WhiteElo "2275"]
[BlackElo "2542"]
[Annotator ""]
[Source ""]
[Remark ""]

1.d4 Nf6 2.Nf3 g6 3.c4 Bg7 4.Nc3 O-O 5.e4 d6 6.Be2 Nbd7 7.O-O
e5 8.Qc2 Qe7 9.Rd1 c6 10.d5 c5 11.g3 Ng4 12.Nh4 Nb6 13.Rb1 f5
14.exf5 gxf5 15.Bxg4 fxg4 16.Ne4 Bf6 17.Ng2 Bf5 18.Ne3 Bg6 19.Nxg4
Bg7 20.Qe2 h5 21.Bg5 Qd7 22.Ngf6+ Bxf6 23.Nxf6+ Rxf6 24.Bxf6
Bxb1 25.Qxh5 Qh7 26.Qg5+ Bg6 27.g4 Nd7 28.Be7 Qg7 29.Bxd6 Re8
30.Re1 Bd3 31.Qxg7+ Kxg7 32.b3 e4 33.Re3 b5 34.cxb5 Nf6 35.Bxc5
Nxd5 36.Re1 Bxb5 37.Bxa7 Kg6 38.Be3 Nb4 39.Rc1 Nd3 40.Rc7 Ne1
41.h3 Rf8 42.Rc5 Bd7 43.Kh2 Nd3 44.Rc7 Rf7 45.Kg1 Nb4 46.Ra7
Nd5 47.Ra6+ Kh7 48.Bd2 Bc8 49.Rd6 Bb7 50.a4 Kg8 51.a5 Nc7 52.b4
Nb5 53.Rb6 Nd4 54.Be3 Nf3+ 55.Kg2 Ne1+ 56.Kg3 Bd5 57.a6 Rf3+
58.Kh2 Nd3 59.Kg1 Rxh3 60.Rd6 Nxb4 61.a7 Kf7 62.Rxd5 Rh8 63.Rb5
Nc6 64.Rb6 Ne5 65.Rb8 Nf3+ 66.Kg2 1-0

[Event "Ñóïåðôèíàë 65-ãî ×åìïèîíàòà Òþìåíñêîé îáëàñòè"]
[Site "ã.Òþìåíü"]
[Date "2010.12.21"]
[Round "5"]
[White "Êîöóð Ïàâåë"]
[Black "Ôàòõóòäèíîâ Ãàôèÿò"]
[Result "1-0"]
[WhiteElo "2565"]
[BlackElo "2298"]
[Annotator ""]
[Source ""]
[Remark ""]

1.e4 e5 2.Nf3 Nc6 3.d4 exd4 4.Nxd4 Bc5 5.Be3 Qf6 6.c3 Nge7 7.Bc4
O-O 8.O-O Qg6 9.Nd2 Bxd4 10.cxd4 d5 11.exd5 Nb4 12.d6 cxd6 13.Qf3
d5 14.Be2 Bf5 15.a3 Nc2 16.Rac1 Rac8 17.h4 h6 18.Qf4 Rfe8 19.Bf3
Qe6 20.h5 Rc6 21.Nb3 b6 22.Bd2 a5 23.Bc3 Rec8 24.Qd2 a4 25.Na1
Nxa1 26.Rxa1 Qf6 27.Rfe1 Be6 28.Be2 R6c7 29.Rad1 Qh4 30.Qd3 Bg4
31.Bxg4 Qxg4 32.Qb5 Qxh5 33.Rd3 Ng6 34.Rh3 Qf5 35.Qxa4 Rc6 36.Rf3
Qd7 37.Qb5 Nh4 38.Rg3 Nf5 39.Rh3 Rd8 40.Re5 Nxd4 41.Qd3 Ne6 42.Rg3
d4 43.Bd2 Rc5 44.Re1 Qb5 45.Qe4 Rh5 46.b4 Qd5 47.Qg4 Rd7 48.a4
Kf8 49.a5 bxa5 50.bxa5 Re5 51.Rc1 Qb7 52.f4 h5 53.Qh3 Re2 54.f5
Rxd2 55.fxe6 Rc7 56.Rf1 Qb5 57.Rgf3 f6 58.Qg3 Rc3 59.Rxf6+ gxf6
60.Rxf6+ Ke7 61.Qg7+ Kd6 62.e7+ 1-0